Land Records Manual / (Record no. 616712)

000 -LEADER
fixed length control field 00404nam a22001577a 4500
003 - CONTROL NUMBER IDENTIFIER
control field NUST
005 - DATE AND TIME OF LATEST TRANSACTION
control field 20260325155331.0
008 - FIXED-LENGTH DATA ELEMENTS--GENERAL INFORMATION
fixed length control field 260325b ||||| |||| 00| 0 eng d
082 ## - DEWEY DECIMAL CLASSIFICATION NUMBER
Classification number 333.3
Author Mark HAS
100 ## - MAIN ENTRY--PERSONAL NAME
Personal name Bashir Tariq.
9 (RLIN) 133754
245 ## - TITLE STATEMENT
Title Land Records Manual /
Statement of responsibility, etc. Bashir Tariq.
260 ## - PUBLICATION, DISTRIBUTION, ETC.
Place of publication, distribution, etc. Pakistan:
Name of publisher, distributor, etc. Eastern Law Book House,
300 ## - PHYSICAL DESCRIPTION
Extent 740
Dimensions 30.2 cm
563 ## - BINDING INFORMATION
Binding note Hardcover
942 ## - ADDED ENTRY ELEMENTS (KOHA)
Source of classification or shelving scheme
Koha item type Book
Holdings
Withdrawn status Lost status Source of classification or shelving scheme Damaged status Not for loan Permanent Location Current Location Date acquired Total Checkouts Full call number Barcode Date last seen Price effective from Koha item type
          Institute of Geographical Information Systems (IGIS) Institute of Geographical Information Systems (IGIS) 03/25/2026   333.3 HAS IGIS-1451 03/25/2026 03/25/2026 Book
          Institute of Geographical Information Systems (IGIS) Institute of Geographical Information Systems (IGIS) 03/25/2026   333.3 HAS IGIS-159 03/25/2026 03/25/2026 Book
© 2023 Central Library, National University of Sciences and Technology. All Rights Reserved.